| 000 | 01064nam a2200217 a 4500 | ||
|---|---|---|---|
| 001 | 50951 | ||
| 005 | 20180714040215.0 | ||
| 008 | 140415s2004 mx 000 0 spa d | ||
| 020 | _a9789701047248 | ||
| 041 | _aspa | ||
| 082 |
_a658.562 _bGUT |
||
| 100 | 1 | _aGutiérrez Pulido, Humberto,. | |
| 245 | 1 | 0 | _aCONTROL ESTADISTICO DE CALIDAD Y SEIS SIGMA |
| 250 | _a1a ed. | ||
| 260 |
_aMEXICO : _bMCGRAW-HILL INTERAMERICANO DE MEXICO, _c2004 |
||
| 300 |
_a510 _c19 x 3 x 25 |
||
| 490 | _aAUTORES, TEXTOS Y TEMAS HERMENEUSIS | ||
| 520 | _aEN ESTA OBRA SE STUDIAN LOS PRINCIPALES CONCEPTOS Y MÉTODOS DEL CONTROL ESTADÍSTICO DE CALIDAD, EL CUAL HA DEMOSTRADO SU UTILIDAD EN EMPRESAS DE MANUFACTURA Y DE SERVICIO DE TODO ELMUNDO. ASÍ MISMO SE ABORDAN LOS MÉTODOS Y LA ESTRATEGÍA DE MEJORA CONOCIDA COMOS EIS SIGMA , QUE POR MÁS DE UNA DECADA HAN UTILIZADO NUMEROSAS COMPAÑÍAS LÍDERES. | ||
| 650 | 1 | 4 |
_aCALIDAD TOTAL _xCONTROL DE CALIDAD _xEMPRESAS _xADMINISTRACIN _xCONTROL ESTADISTICO DE CALIDAD |
| 700 | 1 |
_aVARA SALAZAR, ROMAN DE LA _ecoaut. |
|
| 999 |
_c50951 _d50951 |
||